000 00274nam a2200121Ia 4500
008 190216s9999||||xx |||||||||||||| ||und||
100 _aDudley G Luckett
245 0 _aMoney And Banking
260 _bMcgraw -hill
_c1985
300 _a584p
650 _aEconomics
942 _cBK
999 _c9776
_d9776